Представление документа в формате RUSMARC

ПолеНазваниеЗначение
  Тип записи a
  Библиографический уровень m
001 Контрольный номер 591a9ef3adcc4f22b2b6797a1f8de1d0
005 Дата корректировки 20170327175800.2
010 Индекс ISBN __
a ISBN 978-5-901709-28-3
d Цена 105.00
101 Язык документа 0_
a Язык текста rus
102 Страна публикации __
a Страна публикации RU
200 Заглавие и сведения об ответственности 1_
a Заглавие История экономики
b Общее обозначение материала Текст
e Сведения, относящиеся к заглавию учебное пос.
f Первые сведения об ответственности Т. В. Бутырнова ,Е. П. Гуляевская
210 Выходные данные 1_
a Место издания М.
c Издательство ООО Издательский дом Центросоюза
d Дата издания 2014
215 Физическое описание __
a Объем 104 с.
610 Ключевые слова 0_
a Ключевые слова История экономики
686 Индексы других классификаций __
a Классификационный индекс 65.02
700 Автор _1
a Фамилия Бутырнова
b Имя Т. В.
801 Источник записи _0
a Страна RU
b Организация РУК
c Дата составления 23.09.2015
g Правила каталогизации PSBO
801 Источник записи _1
a Страна RU
b Организация РУК
c Дата составления 23.09.2015
g Правила каталогизации PSBO
852 Данные о местонахождении __
i Авторский знак Е 47
j Шифр хранения ББК 65.050.9(2)
901 Тип документа __
t Тип документа m
937 Технологическая информация __
a Создатель записи (имя) Морозова
938 Служебная информация __
a Название организации Арзамасский филиал
952 Тип литературы __
c Вид литературы учебное пособие